000 00497nam a22001937a 4500
003 MPLRDC
005 20220104124445.0
008 210129b ||||| |||| 00| 0 eng d
020 _a7-5385-0863-5
082 _a859.61 XXYW v.2
100 _a魏杰等改编
245 _a历史故事篇
_c
250 _a一版一刷
260 _a
_b北方妇女儿童出版社
_c1993
300 _b
490 _a小学语文课本配画丛书
650 _a历史故事
942 _cBK
_o859.61 XXYW v.2
999 _c19478
_d19468